Library Banner

I'm too busy to be stressed: (Record no. 24078)

MARC details
000 -LEADER
fixed length control field 00488nam a2200181Ia 4500
001 - CONTROL NUMBER
control field 23863
008 - FIXED-LENGTH DATA ELEMENTS--GENERAL INFORMATION
fixed length control field 140410s9999 xx 000 0 und d
020 ## - INTERNATIONAL STANDARD BOOK NUMBER
International Standard Book Number 0-340-67231-5
040 ## - CATALOGING SOURCE
Transcribing agency PK-LaUMT
082 ## - DEWEY DECIMAL CLASSIFICATION NUMBER
Classification number 155.9042
Item number JON-I
100 ## - MAIN ENTRY--PERSONAL NAME
Personal name Hilary Jones
245 ## - TITLE STATEMENT
Title I'm too busy to be stressed:
Remainder of title how to recognise and relieve the symptoms of stress
Statement of responsibility, etc Hilary Jones
260 ## - PUBLICATION, DISTRIBUTION, ETC. (IMPRINT)
Place of publication, distribution, etc London,UK:
Name of publisher, distributor, etc Hodder & Stoughton,
Date of publication, distribution, etc 1997
300 ## - PHYSICAL DESCRIPTION
Extent 244 p.
500 ## - GENERAL NOTE
General note 1
546 ## - LANGUAGE NOTE
Language note EN
942 ## - ADDED ENTRY ELEMENTS (KOHA)
Koha item type Books
Holdings
Withdrawn status Lost status Damaged status Not for loan Home library Current library Date acquired Total Checkouts Full call number Barcode Date last seen Price effective from Koha item type
        UMT Main Campus UMT Main Campus 2014-04-10   155.9042 JON-I 27799 2014-04-24 2014-04-24 Books